| 000 | 02797nam a2200481 c 4500 | ||
|---|---|---|---|
| 003 | BLK | ||
| 005 | 20240315005331.0 | ||
| 008 | 180411b bul|||||r ||||||| ||bul|| | ||
| 010 | _aKNG00215725000 | ||
| 020 |
_a978-954-28-2413-8 _bиздат.: Сиела Норма |
||
| 040 | _aBLK | ||
| 041 |
_aBUL _cBUL |
||
| 072 | 7 |
_2bullib _aН32 _xПолитика Н |
|
| 080 |
_aМеждународни политически отношения. Световна политика. Международна политика. Дипломация _b327 _x"1945/1990" _z327"1945/1990" |
||
| 080 |
_aОраторско изкуство. Красноречие. Дебати. Публични дискусии. Психология на слушателя _b808.51 _x:32(410)(091)(092) _z808.51:32(410)(091)(092) |
||
| 080 |
_aБритански политик и държавник _b929 Чърчил, Уинстън Ленард Спенсър _x _z929 Чърчил, Уинстън Ленард Спенсър |
||
| 100 | 1 |
_aУотсън, Алън, лорд _eпърви автор _9350860 |
|
| 700 | 1 |
_aВасева, Ирина Ненчева _eпрев. от англ. _9364123 |
|
| 139 |
_aУотсън, Алън, лорд _bУ 70 |
||
| 245 | 1 | 0 |
_aЗаветът на Чърчил _bКак две речи спасиха Европа от комунизма _cАлън, лорд Уотсън; прев. от англ. Ирина Ненчева Васева. |
| 257 | _aGBR | ||
| 260 |
_аСофия _bСиела Норма _c2017 _fСофия : Алианс принт |
||
| 300 |
_a196 с., 8 л. _bсн., факс. _c23 см |
||
| 380 | _a3 | ||
| 490 | 1 | _aПоредица Власт и отговорност | |
| 500 | _aОриг. загл. Churchill's Legacy: Two Speeches to Save the World / Lord Alan Watson. - Съдържа и Да оставим Чърчил да говори / Алън Пакуд. - Библиогр. с. 193-195. | ||
| 600 | 1 | 4 |
_aЧърчил, Уинстън Ленард Спенсър _9252887 |
| 650 | 4 |
_aЧърчил, Уинстън Ленард Спенсър _9252887 |
|
| 650 | 0 |
_aМеждународни отношения _9245477 |
|
| 650 | 4 |
_aРеторика, политическа _9288582 |
|
| 650 | 4 |
_aВеликобритания - външна политика _9253595 |
|
| 651 | 4 |
_aВеликобритания _9178698 |
|
| 653 | _aмеждународни отношения | ||
| 653 | _aполитическа реторика | ||
| 653 | _aУинстън Чърчил | ||
| 659 | _aН | ||
| 852 | _aЦб 289038 | ||
| 856 | 4 |
_qpdf _u |
|
| 856 | 4 |
_qpdf _u |
|
| 942 |
_cKNG _n0 _016 |
||
| 944 |
_aCR _c29.01.2018 _lCRON CRON _k |
||
| 944 |
_aED _c20.02.2018 _lф / _kЛюдмила_Стоянова |
||
| 999 |
_c205993 _d205993 |
||